Influencias sociales y psicológicas en la salud mental

Guardat en:
Dades bibliogràfiques
Autors principals: Alvaro Estramiana, José Luis (Autor), Torregrosa, José R (Autor), Garrido Luque, Alicia (Autor)
Format: Llibre
Idioma:espanyol
Publicat: Ciudad de México Siglo Veintiuno 1992
Col·lecció:Colección Sociología/Psicología Social
Matèries:
Etiquetes: Afegir etiqueta
Sense etiquetes, Sigues el primer a etiquetar aquest registre!

MARC

LEADER 00000nam a2200000 a 4500
001 UCO3905
003 CL-VaPUC
008 000728e19920000MX |||||||||||||||||spa|d
082 0 4 |a 302  |b ALV  |2 21 
100 0 |a Alvaro Estramiana, José Luis  |e author  |9 447935 
700 0 |a Torregrosa, José R  |e author  |9 447936 
700 |a Garrido Luque, Alicia  |e author  |9 530058 
245 1 0 |a Influencias sociales y psicológicas en la salud mental 
300 |a 268 p 
942 |c BK 
945 |d 20000728 00:00:00  |a rbrito 
260 |a Ciudad de México  |b Siglo Veintiuno  |c 1992 
650 0 |a Psicología social   |9 222894 
650 0 |a Salud mental  |9 308393 
650 0 |a Depresión   |9 334267 
650 0 |a Trastornos mentales  |9 307475 
650 7 |a ESTRES  |2 CL-VaPUC  |9 338725 
650 0 |a Desempleo   |9 257579 
650 7 |a ESQUISOFRENIA  |2 CL-VaPUC  |9 447938 
583 |a last modification  |c 20000728 00:00:00  |k Rodrigo Vera 
490 0 |a Colección Sociología/Psicología Social 
999 |c 290022  |d 290020 
952 |0 0  |1 0  |4 0  |6 302_000000000000000_ALV_1992  |7 0  |8 A  |9 339133  |a BIBEDU  |b BIBEDU  |d 2019-11-20  |i 3630692  |o 302 ALV 1992  |p 3630692  |r 2019-11-20  |w 2019-11-20  |y BK  |k PSI